Las revoluciones de independencia en México y en los Estados Unidos : (Record no. 98701)

MARC details
000 -CABECERA
campo de control de longitud fija 01020nam a2200253 a 4500
003 - IDENTIFICADOR DEL NÚMERO DE CONTROL
campo de control MX-MxUPN
005 - FECHA Y HORA DE LA ÚLTIMA TRANSACCIÓN
campo de control 20241001063952.0
008 - ELEMENTOS DE LONGITUD FIJA--INFORMACIÓN GENERAL
campo de control de longitud fija 030623s1976 mx r 000 0 spa d
035 ## - NÚMERO DE CONTROL DEL SISTEMA
Número de control de sistema UPN01000126522
040 ## - FUENTE DE LA CATALOGACIÓN
Centro catalogador/agencia de origen MX-MxUPN
Lengua de catalogación spa
Centro/agencia transcriptor MX-MxUPN
041 0# - CÓDIGO DE IDIOMA
Código de lengua del texto/banda sonora o título independiente spa
050 #4 - SIGNATURA TOPOGRÁFICA DE LA BIBLIOTECA DEL CONGRESO
Número de clasificación AC75
Número de documento/Ítem S4 no.246-248
100 1# - ASIENTO PRINCIPAL--NOMBRE PERSONAL
Nombre de persona Morris, Richard B.
Forma completa/desarrollada del nombre (Richard Brandon),
Fechas asociadas al nombre 1904-1989
9 (RLIN) 49114
100 1# - ASIENTO PRINCIPAL--NOMBRE PERSONAL
Nombre de persona Vázquez, Josefina Zoraida
9 (RLIN) 29473
100 1# - ASIENTO PRINCIPAL--NOMBRE PERSONAL
Nombre de persona Trabulse Atala, Elías,
Fechas asociadas al nombre 1942-
9 (RLIN) 35848
245 14 - MENCIÓN DE TÍTULO
Título Las revoluciones de independencia en México y en los Estados Unidos :
Resto del título un ensayo comparativo /
Mención de responsabilidad, etc. Richard Morris, Josefina Zoraida Vázquez, Elías Trabulse.
260 ## - PUBLICACIÓN, DISTRIBUCIÓN, ETC.
Lugar de publicación, distribución, etc. México :
Nombre del editor, distribuidor, etc. SEP,
Fecha de publicación, distribución, etc. 1976.
300 ## - DESCRIPCIÓN FÍSICA
Extensión 3 volúmenes
490 0# - MENCIÓN DE SERIE
Mención de serie SepSetentas ;
Designación de volumen o secuencia 246-248
651 #4 - ASIENTO SECUNDARIO DE MATERIA - NOMBRE GEOGRAFICO
Nombre geográfico Estados Unidos
Subdivisión general Historia
Subdivisión cronológica Revolución, 1775-1783
9 (RLIN) 18334
651 #4 - ASIENTO SECUNDARIO DE MATERIA - NOMBRE GEOGRAFICO
Nombre geográfico México
Subdivisión general Historia
Subdivisión cronológica Guerra de Independencia, 1810-1821
9 (RLIN) 15381
710 2# - ASIENTO SECUNDARIO - NOMBRE CORPORATIVO
Nombre de entidad corporativa o nombre de jurisdicción como elemento de entrada Instituto Nacional de Investigación Educativa (México)
Término indicativo de función/relación propietario anterior
9 (RLIN) 28086
942 ## - ELEMENTOS DE PUNTO DE ACCESO ADICIONAL (KOHA)
Fuente del sistema de clasificación o colocación Library of Congress Classification
Tipo de ítem Koha Libro
Holdings
Estado de retiro Estado de pérdida Fuente del sistema de clasificación o colocación Estado dañado No para préstamo Código de colección Localización permanente Ubicación/localización actual Ubicación en estantería Enumeración/cronología de publicación seriada Total de préstamos Clasificación Código de barras Fecha visto por última vez Número de copia Tipo de ítem Koha Fecha de adquisición Nota pública
    Library of Congress Classification     Colección General Bib. Gregorio Torres Quintero Bib. Gregorio Torres Quintero Planta baja v.2   AC75 S4 no.246-248 4396 31/12/2020 1 Libro    
    Library of Congress Classification     Colección General Bib. Gregorio Torres Quintero Bib. Gregorio Torres Quintero Planta baja v.1 1 AC75 S4 no.246-248 1852 31/12/2020 1 Libro    
    Library of Congress Classification     Colección General Bib. Gregorio Torres Quintero Bib. Gregorio Torres Quintero Planta baja v.1   AC75 S4 no.246-248 4395 31/12/2020 1 Libro    
    Library of Congress Classification   En proceso Fondo Reservado de libros Bib. Gregorio Torres Quintero Bib. Gregorio Torres Quintero Sala de Fondos Reservados Planta alta v.2   AC75 S4 no.246-248 1853 31/12/2020   Libro 06/12/2022 Ejemplar con sello de la Biblioteca del Instituto Nacional de Investigación Educativa
    Library of Congress Classification     Colección General Bib. Gregorio Torres Quintero Bib. Gregorio Torres Quintero Planta baja v.3   AC75 S4 no.246-248 1854 31/12/2020 1 Libro    
    Library of Congress Classification     Colección General Bib. Gregorio Torres Quintero Bib. Gregorio Torres Quintero Planta baja v.3   AC75 S4 no.246-248 4397 31/12/2020 1 Libro